Welcome to CU Library Online Public Access Catalogue (OPAC)

Accounting Principles (Record no. 4553)

MARC details
000 -LEADER
fixed length control field 00568nam a22001937a 4500
005 - DATE AND TIME OF LATEST TRANSACTION
control field 20250307174733.0
008 - FIXED-LENGTH DATA ELEMENTS--GENERAL INFORMATION
fixed length control field 250307b |||||||| |||| 00| 0 eng d
020 ## - INTERNATIONAL STANDARD BOOK NUMBER
International Standard Book Number 9780256089165
050 ## - LIBRARY OF CONGRESS CALL NUMBER
Classification number HF5635 HER
100 ## - MAIN ENTRY--PERSONAL NAME
Personal name Hermanson Roger H.
245 ## - TITLE STATEMENT
Title Accounting Principles
Statement of responsibility, etc. Roger H. Hermanson, James Don Edwards & Michael W. Maher
250 ## - EDITION STATEMENT
Edition statement 5th Ed.
260 ## - PUBLICATION, DISTRIBUTION, ETC.
Place of publication, distribution, etc. Boston
Name of publisher, distributor, etc. Irwin
Date of publication, distribution, etc. 1992
300 ## - PHYSICAL DESCRIPTION
Extent xxxii. (various paging).
Other physical details ill.
Dimensions 27 cm
650 ## - SUBJECT ADDED ENTRY--TOPICAL TERM
Source of heading or term Accounting
700 ## - ADDED ENTRY--PERSONAL NAME
Personal name Edwards James Don
700 ## - ADDED ENTRY--PERSONAL NAME
Personal name Maher Michael W.
942 ## - ADDED ENTRY ELEMENTS (KOHA)
Source of classification or shelving scheme Library of Congress Classification
Koha item type Books
Edition 5th Ed.
Suppress in OPAC No
999 ## -
-- 4553
-- 4553
Holdings
Withdrawn status Lost status Source of classification or shelving scheme Damaged status Not for loan Collection Home library Current library Shelving location Date acquired Total checkouts Full call number Barcode Date last seen Copy number Price effective from Koha item type
    Library of Congress Classification     Non-fiction Business Library (Miotso) Business Library (Miotso) General stacks 03/07/2025   HF5635 HER BSSM00001180 03/07/2025 1 03/07/2025 Books
    Library of Congress Classification     Non-fiction Business Library (Miotso) Business Library (Miotso) General stacks 03/07/2025   HF5635 HER BSSM00001181 03/07/2025 2 03/07/2025 Books
    Library of Congress Classification     Non-fiction Business Library (Miotso) Business Library (Miotso) General stacks 03/07/2025   HF5635 HER BSSM00001182 03/07/2025 3 03/07/2025 Books
    Library of Congress Classification     Non-fiction Business Library (Miotso) Business Library (Miotso) General stacks 03/07/2025   HF5635 HER BSSM00001183 03/07/2025 4 03/07/2025 Books
© 2023-2024 Copyright: Central University Libraries. All Rights Reserved | Created by: Mahone Tech Office